Calas tout chauds (Registo nº 201784)

Detalhes MARC
000 -Etiqueta do registo
Valores 00678nam 22001933 4500
100 ## - Dados gerais de processamento
Dados gerais 20260416d u||y0pory50 ba
200 ## - Titulo e menção de responsabilidade
Título próprio Calas tout chauds
Informação de outro título a book of verse by members of the Louisiana Poetry Society
Primeira menção de responsabilidade Carl Carmer...[et.al]
210 ## - Publicação
Local de publicação New Orleans
Nome do editor Louisiana Poetry Society
Data de publicação 1928
215 ## - Descrição física 
Paginação / Volumes 27 p.
Outras indicações físicas brochado
Dimensões 22 cm
300 ## - Notas gerais 
Texto da nota Contém dedicatória do autor e uma nota do Prof. Dr. Almeida Faria na folha de guarda
606 ## - Nome comum usado como assunto
ID Autoridade 17
Palavra de ordem Literatura Inglesa
610 ## - Termos não controlados
Palavra de ordem Poesia
675 ## - CDU
Notação 821.111-1
Edição EN
Língua eng
701 ## - Co-autor principal (pessoa individual)
ID Autoridade 17128
Apelido Carmer
Nome Carl
Datas 1893-1976
801 ## - Fonte de origem
País PT
Agência BMMN
Regras de catalogação RPC
830 ## - Notas gerais do catalogador
Criado por Ana Falardo
Indexado por Ana Falardo
990 ## - Elementos KOHA
Tipo de documento Livro
Exemplares
Situação do levantamento Biblioteca de origem Código de barras Cota Permissão de empréstimo Tipo de documento Nota relativa ao exemplar Forma de aquisição
  Biblioteca Municipal de Montemor-o-Novo 31164 821.111-1 CAL|SAF   Livro Acesso Condicionado Oferta

Powered by Koha